Linear Operator Theory in Engineering and Science /

Guardado en:
Bibliografiske detaljer
Hovedforfatter: Naylor, Arch W. (autor)
Format: Bog
Sprog:engelsk
Udgivet: Nueva York, EUA : Springer, 1982, c1982
Serier:(Applied Mathematical Sciences ; 40)
Fag:
Tags: Tilføj Tag
Ingen Tags, Vær først til at tagge denne postø!

MARC

LEADER 00000nam^a2200000^a^4500
001 000052067
005 20250521000000.0
009 20260310090342.543
020 |a 0-387-90748-3 
037 |a Acervo ITESO - Biblioteca 
041 |a ING 
082 |a 515. 7246  |b NAY 
100 |a Naylor, Arch W.  |e (autor) 
245 1 0 |a Linear Operator Theory in Engineering and Science /  |c A.W. Naylor. 
264 4 |a Nueva York, EUA :  |b Springer,  |c 1982, c1982 
300 |a 624 p. 
336 |a texto  |b txt  |2 rdacontenido 
337 |a sin mediación  |b n  |2 rdamedio 
338 |a volumen  |b nc  |2 rdasoporte 
440 1 |a (Applied Mathematical Sciences ;  |v 40) 
649 |a XX 
650 |a Transformaciones (Matemáticas) 
650 |a Algebra Lineal 
650 |a Geometría 
650 |a Matemáticas de Ingeniería 
650 |a Matemáticas 
910 |a Fondo General 
920 |a Impresos - Libros 
930 |a Colección General 
905 |a 101 
901 |a 0500009632  |b IT1  |c ACC  |u 20250521 
902 |a https://opac.biblio.iteso.mx/vufind/Record/000052067